Chief men among the Brethren. (Record no. 14252)

000 -LEADER
fixed length control field 00619nam a2200193 a 4500
001 - CONTROL NUMBER
control field :::00012081$&:&@@
003 - CONTROL NUMBER IDENTIFIER
control field OkBaRHE
005 - DATE AND TIME OF LATEST TRANSACTION
control field 20100402121153.0
008 - FIXED-LENGTH DATA ELEMENTS--GENERAL INFORMATION
fixed length control field s1986 j 000 0 eng u
040 ## - CATALOGING SOURCE
Transcribing agency
100 1# - MAIN ENTRY--PERSONAL NAME
Personal name Pickering, Hy.
245 10 - TITLE STATEMENT
Title Chief men among the Brethren.
260 ## - PUBLICATION, DISTRIBUTION, ETC. (IMPRINT)
Place of publication, distribution, etc Neptune, NJ., :
Name of publisher, distributor, etc Loizeaux Bros.
Date of publication, distribution, etc 1986
300 ## - PHYSICAL DESCRIPTION
Extent 223 p. : illus. ;
Dimensions 21 cm.
650 ## - SUBJECT ADDED ENTRY--TOPICAL TERM
Topical term or geographic name as entry element Great Britain
General subdivision Biography
650 ## - SUBJECT ADDED ENTRY--TOPICAL TERM
Topical term or geographic name as entry element Plymouth Brethren
General subdivision Great Britain
-- Biography
942 ## - ADDED ENTRY ELEMENTS (KOHA)
Source of classification or shelving scheme
Koha item type Books
Copies
Full call number Permanent Location Koha item type Source of classification or shelving scheme Copy number Damaged status Date last seen Price effective from Shelving location Date acquired Lost status Not for loan Withdrawn status Barcode
BX 8808 .P53 1986RHEMA Bible Training CollegeBooks 1 2010-04-142010-04-14General Stacks2010-04-14   12081